[Event "14PCR_PF05"]
[Site "?"]
[Date "2003.??.??"]
[Round "?"]
[White "Klima, Milos"]
[Black "Bernard, Roman"]
[Result "0-1"]
[WhiteElo "2290"]
[BlackElo "1800"]
[PlyCount "78"]
[EventDate "2003.??.??"]
[EventType "corr"]
[EventRounds "2"]
[SourceDate "2004.??.??"]

1. e4 e5 2. Nc3 Nf6 3. g3 Bb4 4. Bg2 d6 5. Nge2 O-O 6. O-O a5 7. d3 Be6 8. Bg5
h6 9. Bxf6 Qxf6 10. f4 c6 11. fxe5 Qxe5 12. d4 Qg5 13. Nf4 Bxc3 14. Nxe6 Qe3+
15. Kh1 fxe6 16. Rxf8+ Kxf8 17. bxc3 Nd7 18. Rb1 Nf6 19. Rxb7 e5 20. Qf3 Qe1+
21. Bf1 Qxe4 22. Qxe4 Nxe4 23. Kg2 Nxc3 24. dxe5 dxe5 25. Bc4 Rd8 26. Rf7+ Ke8
27. Rxg7 Rd4 28. Bg8 e4 29. Kf2 Kf8 30. Rg6 c5 31. Ke3 Nd1+ 32. Ke2 e3 33. Bc4
Rd2+ 34. Kf3 Rxh2 35. Re6 Rxc2 36. Bb3 Rf2+ 37. Ke4 a4 38. Bc4 Rc2 39. Bd5 Rd2
0-1

[Event "14PCR_PF05"]
[Site "?"]
[Date "2003.??.??"]
[Round "?"]
[White "Goc, Pavel"]
[Black "Dbaly, Vaclav"]
[Result "1/2-1/2"]
[WhiteElo "2215"]
[BlackElo "2015"]
[PlyCount "111"]
[EventDate "2003.??.??"]
[EventType "corr"]
[EventRounds "2"]
[SourceDate "2004.??.??"]

1. e4 e5 2. Nf3 Nc6 3. d4 exd4 4. c3 dxc3 5. Bc4 Nf6 6. Nxc3 Bb4 7. e5 d5 8.
exf6 dxc4 9. Qxd8+ Nxd8 10. fxg7 Bxc3+ 11. bxc3 Rg8 12. Bh6 Ne6 13. O-O-O Nxg7
14. Rhe1+ Ne6 15. Bf4 Kf8 16. Bh6+ Ke7 17. Nh4 Kf6 18. Rd5 b6 19. Rf5+ Ke7 20.
Rh5 Bb7 21. Bg5+ Kd7 22. Bf6 Bxg2 23. Rxh7 Raf8 24. Nf5 Bd5 25. Ne7 Nf4 26. Rd1
Nd3+ 27. Rxd3 cxd3 28. Nxd5 Rg2 29. Bd4 c5 30. Be3 c4 31. Bh6 Rd8 32. Rxf7+ Kc8
33. Rc7+ Kb8 34. Bf4 d2+ 35. Kxd2 Rxd5+ 36. Ke3 Ka8 37. Rxc4 Rg1 38. a3 Ra1 39.
Ke4 Rh5 40. Bd6 Rh4+ 41. Kd5 Rxc4 42. Kxc4 Ra2 43. f3 Rf2 44. f4 Rxh2 45. Kd5
Rh5+ 46. Be5 Kb7 47. Ke6 Rh6+ 48. Bf6 Kc6 49. f5 b5 50. Ke7 Kd5 51. Bg7 Rb6 52.
Bd4 Rb7+ 53. Kf6 a5 54. Be3 Rb8 55. Kg6 Rg8+ 56. Kf7 1/2-1/2

[Event "14PCR_PF05"]
[Site "?"]
[Date "2003.??.??"]
[Round "?"]
[White "Bednarik, Radovan"]
[Black "Houdek, Vladimir"]
[Result "1/2-1/2"]
[WhiteElo "2190"]
[BlackElo "2105"]
[PlyCount "70"]
[EventDate "2003.??.??"]
[EventType "corr"]
[EventRounds "2"]
[SourceDate "2004.??.??"]

1. d4 d5 2. c4 dxc4 3. Nf3 Nf6 4. e3 e6 5. Bxc4 c5 6. O-O a6 7. dxc5 Qxd1 8.
Rxd1 Bxc5 9. Be2 b5 10. b3 Bb7 11. Bb2 Nbd7 12. Nbd2 O-O 13. a4 bxa4 14. Rxa4
Nb6 15. Raa1 a5 16. Ne5 Rfd8 17. Nd3 Be7 18. Ne5 Bb4 19. Ndc4 Nxc4 20. Nxc4 Nd5
21. Bf3 f6 22. h4 Bc6 23. e4 Nc3 24. Rxd8+ Rxd8 25. Nxa5 Bxe4 26. Bxe4 Nxe4 27.
Nc6 Rd2 28. Bd4 Bd6 29. Be3 Rb2 30. Ra8+ Kf7 31. Ra7+ Kg6 32. g4 h5 33. gxh5+
Kxh5 34. Rxg7 Rxb3 35. Rh7+ Kg6 1/2-1/2

[Event "14PCR_PF05"]
[Site "?"]
[Date "2003.??.??"]
[Round "?"]
[White "Slavik, Miroslav"]
[Black "Novak, Borivoj"]
[Result "1-0"]
[WhiteElo "2160"]
[BlackElo "2125"]
[PlyCount "47"]
[EventDate "2003.??.??"]
[EventType "corr"]
[EventRounds "2"]
[SourceDate "2004.??.??"]

1. d4 Nf6 2. c4 g6 3. Nc3 d5 4. Nf3 Bg7 5. e3 O-O 6. Qb3 c5 7. cxd5 Nbd7 8. Be2
cxd4 9. Nxd4 Nc5 10. Qa3 b6 11. Nc6 Qd7 12. b4 Re8 13. bxc5 Nxd5 14. Nxd5 Qxd5
15. Bf3 Qc4 16. Bb2 e5 17. Rc1 Qb5 18. Ne7+ Rxe7 19. Bxa8 Ba6 20. Rc2 bxc5 21.
Qxc5 Qd3 22. Bf3 Qd8 23. Be2 Bxe2 24. Kxe2 1-0

[Event "14PCR_PF05"]
[Site "?"]
[Date "2003.??.??"]
[Round "?"]
[White "Bernard, Roman"]
[Black "Novak, Borivoj"]
[Result "1-0"]
[WhiteElo "1800"]
[BlackElo "2125"]
[PlyCount "59"]
[EventDate "2003.??.??"]
[EventType "corr"]
[EventRounds "2"]
[SourceDate "2004.??.??"]

1. e4 c5 2. Nf3 d6 3. d4 cxd4 4. Nxd4 Nf6 5. Nc3 g6 6. Be3 Bg7 7. f3 Nc6 8. Qd2
Bd7 9. g4 h5 10. g5 Nh7 11. O-O-O Nf8 12. Nd5 Ne6 13. Nb5 O-O 14. Kb1 Ne5 15.
f4 Bxb5 16. Bxb5 Nc6 17. f5 Nc7 18. Be2 Be5 19. Nf4 Kh7 20. Qe1 Bxf4 21. Bxf4
Qe8 22. Qh4 Rh8 23. Rhf1 Rc8 24. Bg3 Nb4 25. Rd2 Qa4 26. Bc4 Nb5 27. fxg6+ fxg6
28. Rf7+ Kg8 29. Rdf2 d5 30. Qh3 1-0

[Event "14PCR_PF05"]
[Site "?"]
[Date "2003.??.??"]
[Round "?"]
[White "Houdek, Vladimir"]
[Black "Slavik, Miroslav"]
[Result "1/2-1/2"]
[WhiteElo "2105"]
[BlackElo "2160"]
[PlyCount "68"]
[EventDate "2003.??.??"]
[EventType "corr"]
[EventRounds "2"]
[SourceDate "2004.??.??"]

1. c4 e5 2. Nc3 Nf6 3. Nf3 Nc6 4. g3 d5 5. cxd5 Nxd5 6. Bg2 Nb6 7. O-O Be7 8.
a3 O-O 9. b4 Be6 10. Rb1 f6 11. d3 Nd4 12. Be3 Nxf3+ 13. Bxf3 c6 14. Bc5 Nd5
15. Nxd5 Bxd5 16. Bxd5+ cxd5 17. Qb3 Bxc5 18. bxc5 Rf7 19. Rfd1 d4 20. e4 Qd7
21. Rdc1 Rc8 22. Qd5 Rc7 23. Rb4 h6 24. Qxd7 Rfxd7 25. Ra4 a6 26. Rac4 Rc6 27.
f4 g6 28. Kf2 Kf7 29. Rb1 Ke6 30. Kf3 Rdc7 31. Rbc1 h5 32. a4 g5 33. f5+ Kd7
34. h3 Kc8 1/2-1/2

[Event "14PCR_PF05"]
[Site "?"]
[Date "2003.??.??"]
[Round "?"]
[White "Dbaly, Vaclav"]
[Black "Bednarik, Radovan"]
[Result "0-1"]
[WhiteElo "2015"]
[BlackElo "2190"]
[PlyCount "70"]
[EventDate "2003.??.??"]
[EventType "corr"]
[EventRounds "2"]
[SourceDate "2004.??.??"]

1. e4 e5 2. Nf3 d6 3. d4 exd4 4. Nxd4 Nf6 5. Nc3 g6 6. Be3 Bg7 7. Qd2 O-O 8.
O-O-O Re8 9. f3 Nc6 10. h4 h5 11. g3 a6 12. Nxc6 bxc6 13. Bh6 Bh8 14. Bc4 Be6
15. Bxe6 Rxe6 16. Ne2 Qb8 17. c3 Qb6 18. Be3 Qa5 19. Kb1 c5 20. Nf4 Ree8 21. c4
Qa4 22. Rc1 Rab8 23. Nd3 Rb7 24. Qc2 Qa3 25. Rcd1 Reb8 26. Bc1 Nd7 27. Rh2 Ne5
28. Rf2 Nc6 29. g4 Bc3 30. Rdf1 Ne5 31. Nxe5 Bxe5 32. Re1 Rxb2+ 33. Bxb2 Bxb2
34. Qxb2 Rxb2+ 35. Rxb2 Qxf3 0-1

[Event "14PCR_PF05"]
[Site "?"]
[Date "2003.??.??"]
[Round "?"]
[White "Klima, Milos"]
[Black "Goc, Pavel"]
[Result "1-0"]
[WhiteElo "2290"]
[BlackElo "2215"]
[PlyCount "107"]
[EventDate "2003.??.??"]
[EventType "corr"]
[EventRounds "2"]
[SourceDate "2004.??.??"]

1. e4 e5 2. Nc3 Nf6 3. g3 Bb4 4. Bg2 c6 5. Nge2 O-O 6. O-O d5 7. exd5 cxd5 8.
d4 exd4 9. Nxd4 Bxc3 10. bxc3 Qa5 11. Bf4 Nc6 12. Re1 Qxc3 13. Nb5 Qc5 14. Rb1
Bf5 15. Bd6 Qxc2 16. Qxc2 Bxc2 17. Rb2 Be4 18. Bxf8 Kxf8 19. Bxe4 Nxe4 20. Nc7
Rd8 21. Nxd5 Ng5 22. Rd1 Nd4 23. Ne3 b6 24. Kg2 Nge6 25. Nc2 Ke7 26. Nxd4 Rxd4
27. Rxd4 Nxd4 28. Rd2 Nb5 29. Kf3 Nd6 30. g4 b5 31. Rd5 Ke6 32. Rc5 Kd7 33. Rg5
g6 34. Rc5 a6 35. g5 Nb7 36. Rc1 a5 37. Ke4 Kd6 38. Kd4 Nd8 39. Rd1 Ne6+ 40.
Ke4+ Kc6 41. Rc1+ Kd6 42. f4 b4 43. Rc8 a4 44. Rc4 b3 45. axb3 axb3 46. Rb4
Nc5+ 47. Kd4 Ne6+ 48. Kc3 Nc5 49. Kc4 Kc6 50. Kd4 Ne6+ 51. Ke5 Nc5 52. Kf6 Nd3
53. Rxb3 Nxf4 54. Kxf7 1-0

[Event "14PCR_PF05"]
[Site "?"]
[Date "2003.??.??"]
[Round "?"]
[White "Goc, Pavel"]
[Black "Bernard, Roman"]
[Result "0-1"]
[WhiteElo "2215"]
[BlackElo "1800"]
[PlyCount "74"]
[EventDate "2003.??.??"]
[EventType "corr"]
[EventRounds "2"]
[SourceDate "2004.??.??"]

1. e4 e5 2. Nf3 d6 3. d4 Nf6 4. Nc3 Nbd7 5. Bc4 Be7 6. O-O O-O 7. Re1 c6 8. a4
b6 9. h3 Qc7 10. b3 exd4 11. Nxd4 Ne5 12. Bf1 Re8 13. f4 Ng6 14. g4 d5 15. e5
Nd7 16. e6 fxe6 17. Nxe6 Qd6 18. Nd4 Bb7 19. Re6 Qc7 20. Qd2 Ndf8 21. Re2 Bc5
22. Rf2 Ne6 23. Nce2 Ngxf4 24. Rxf4 Qxf4 25. Nxf4 Bxd4+ 26. Kh2 Bxa1 27. Nxe6
Rxe6 28. c3 Rf8 29. Bd3 c5 30. Bf5 Ree8 31. Qd3 d4 32. cxd4 Bxd4 33. Kg3 Re1
34. Bd2 Rg1+ 35. Kh4 Bf2+ 36. Kg5 h6+ 37. Kh5 Rg3 0-1

[Event "14PCR_PF05"]
[Site "?"]
[Date "2003.??.??"]
[Round "?"]
[White "Bednarik, Radovan"]
[Black "Klima, Milos"]
[Result "1-0"]
[WhiteElo "2190"]
[BlackElo "2290"]
[PlyCount "75"]
[EventDate "2003.??.??"]
[EventType "corr"]
[EventRounds "2"]
[SourceDate "2004.??.??"]

1. d4 Nf6 2. f3 c5 3. d5 e6 4. Nc3 exd5 5. Nxd5 Nxd5 6. Qxd5 Nc6 7. e4 d6 8.
Qb3 Be7 9. Be3 O-O 10. O-O-O Qc7 11. Nh3 Be6 12. Qa4 a6 13. Nf4 b5 14. Qa3 Nb4
15. Nxe6 fxe6 16. c3 Nd3+ 17. Bxd3 c4 18. Bb1 d5 19. b4 a5 20. Qb2 axb4 21.
cxb4 Bf6 22. Qd2 Rfd8 23. exd5 Rxd5 24. Qc2 Qe5 25. Rhe1 Rd3 26. f4 Qe4 27.
Rxd3 cxd3 28. Qxd3 Qxb4 29. Qxh7+ Kf8 30. Kd1 Bc3 31. Rf1 Rd8+ 32. Ke2 Qc4+ 33.
Kf2 Rd5 34. Rc1 b4 35. Bg6 Qxa2+ 36. Rc2 Qa4 37. Qh4 Qb5 38. Ra2 1-0

[Event "14PCR_PF05"]
[Site "?"]
[Date "2003.??.??"]
[Round "?"]
[White "Slavik, Miroslav"]
[Black "Dbaly, Vaclav"]
[Result "1-0"]
[WhiteElo "2160"]
[BlackElo "2015"]
[PlyCount "95"]
[EventDate "2003.??.??"]
[EventType "corr"]
[EventRounds "2"]
[SourceDate "2004.??.??"]

1. d4 Nf6 2. c4 g6 3. Nc3 d5 4. Nf3 Bg7 5. e3 O-O 6. Qb3 c6 7. Bd2 e6 8. Bd3
Nbd7 9. O-O b6 10. cxd5 exd5 11. e4 c5 12. Nxd5 cxd4 13. Nxf6+ Bxf6 14. Qd5 Bb7
15. Qxb7 Nc5 16. Qc6 Nxd3 17. Qc4 Nc5 18. e5 Bg7 19. Rfd1 Ne6 20. Bc3 Qc8 21.
Qxc8 Raxc8 22. Nxd4 Nxd4 23. Bxd4 Rfe8 24. f4 g5 25. g3 gxf4 26. gxf4 Bh6 27.
Rf1 Rc4 28. Rad1 Rd8 29. Bc3 Rxd1 30. Rxd1 Rxf4 31. Rd8+ Bf8 32. Kg2 Rc4 33.
Rb8 h5 34. Kg3 Rg4+ 35. Kf3 Rh4 36. a3 a5 37. Rxb6 Rxh2 38. Rb8 Rh3+ 39. Ke4
Kg7 40. Bxa5 Be7 41. Re8 Bg5 42. Bc3 Kh6 43. Rh8+ Kg6 44. Rg8+ Kh6 45. Bd4 Rg3
46. Rh8+ Kg6 47. a4 h4 48. a5 1-0

[Event "14PCR_PF05"]
[Site "?"]
[Date "2003.??.??"]
[Round "?"]
[White "Novak, Borivoj"]
[Black "Houdek, Vladimir"]
[Result "0-1"]
[WhiteElo "2125"]
[BlackElo "2105"]
[PlyCount "62"]
[EventDate "2003.??.??"]
[EventType "corr"]
[EventRounds "2"]
[SourceDate "2004.??.??"]

1. c4 e5 2. Nc3 Nf6 3. Nf3 Nc6 4. g3 Bc5 5. e3 O-O 6. Bg2 d6 7. a3 Bg4 8. Qc2
a5 9. O-O Re8 10. d3 Qd7 11. b3 Bh3 12. Bb2 Bxg2 13. Kxg2 Qf5 14. h3 Ne7 15.
Nh4 Qd7 16. d4 exd4 17. exd4 Bxd4 18. Rae1 a4 19. Nxa4 Bxb2 20. Qxb2 b5 21.
cxb5 Qxb5 22. Nc3 Qb7+ 23. Kg1 c5 24. Re2 Nc6 25. Rfe1 Rxe2 26. Nxe2 Ne5 27.
Nf4 Ra6 28. Rxe5 dxe5 29. Qxe5 Rxa3 30. Nhg2 Qa8 31. Qxc5 Rxb3 0-1

[Event "14PCR_PF05"]
[Site "?"]
[Date "2003.??.??"]
[Round "?"]
[White "Bernard, Roman"]
[Black "Houdek, Vladimir"]
[Result "1/2-1/2"]
[WhiteElo "1800"]
[BlackElo "2105"]
[PlyCount "79"]
[EventDate "2003.??.??"]
[EventType "corr"]
[EventRounds "2"]
[SourceDate "2004.??.??"]

1. e4 e5 2. Nf3 Nc6 3. Nc3 Nf6 4. Bb5 Nd4 5. Nxe5 Qe7 6. f4 Nxb5 7. Nxb5 d6 8.
Nf3 Qxe4+ 9. Kf2 Kd8 10. d3 Qf5 11. Nbd4 Qh5 12. h3 Be7 13. f5 Bxf5 14. g4 Bxg4
15. hxg4 Nxg4+ 16. Kg3 Qg6 17. Ng5 Nh6 18. Qh5 Kd7 19. Kf2 Qxh5 20. Rxh5 Ng4+
21. Kg3 Nf6 22. Rh2 h6 23. Ngf3 Nd5 24. Nf5 Bf6 25. c4 Nb4 26. d4 Rae8 27. Bd2
Nc6 28. Rf1 Ne7 29. Nxe7 Rxe7 30. Re1 Rxe1 31. Bxe1 Re8 32. Bc3 c6 33. Rh5 b6
34. a3 Re4 35. Nd2 Re1 36. Kf2 Re7 37. Nf3 Re4 38. b3 Ke7 39. a4 a5 40. Rh1
1/2-1/2

[Event "14PCR_PF05"]
[Site "?"]
[Date "2003.??.??"]
[Round "?"]
[White "Dbaly, Vaclav"]
[Black "Novak, Borivoj"]
[Result "1/2-1/2"]
[WhiteElo "2015"]
[BlackElo "2125"]
[PlyCount "95"]
[EventDate "2003.??.??"]
[EventType "corr"]
[EventRounds "2"]
[SourceDate "2004.??.??"]

1. e4 c5 2. Nf3 d6 3. d4 cxd4 4. Nxd4 Nf6 5. Nc3 g6 6. Be3 Bg7 7. f3 Nc6 8. Bc4
h5 9. O-O a6 10. Nxc6 bxc6 11. e5 Nh7 12. exd6 exd6 13. Bd4 O-O 14. Bxg7 Kxg7
15. Bb3 d5 16. Qd4+ Qf6 17. Qc5 Re8 18. Rfe1 Bd7 19. Na4 Ng5 20. Rad1 h4 21.
Nb6 Nxf3+ 22. gxf3 Bh3 23. Qf2 Rxe1+ 24. Rxe1 Rh8 25. c3 Rh5 26. f4 Be6 27. Qd4
Qxd4+ 28. cxd4 h3 29. Kf2 Rh4 30. Ke3 Rg4 31. Na4 g5 32. fxg5 Re4+ 33. Kf2 Rf4+
34. Kg3 Rxd4 35. Nc5 Bf5 36. Re5 Kg6 37. Nxa6 Rg4+ 38. Kf3 Rg2 39. Nb8 Be4+ 40.
Kf4 Rxh2 41. Kg4 c5 42. Nc6 c4 43. Bxc4 Rxb2 44. Ne7+ Kg7 45. Rxe4 h2 46. Re1
dxc4 47. Nf5+ Kh7 48. Rh1 1/2-1/2

[Event "14PCR_PF05"]
[Site "?"]
[Date "2003.??.??"]
[Round "?"]
[White "Klima, Milos"]
[Black "Slavik, Miroslav"]
[Result "0-1"]
[WhiteElo "2290"]
[BlackElo "2160"]
[PlyCount "80"]
[EventDate "2003.??.??"]
[EventType "corr"]
[EventRounds "2"]
[SourceDate "2004.??.??"]

1. e4 c6 2. d3 d5 3. Nd2 e5 4. Ngf3 Bd6 5. Qe2 d4 6. Nc4 Bb4+ 7. Bd2 Bxd2+ 8.
Qxd2 f6 9. Be2 c5 10. O-O Ne7 11. Nh4 Qc7 12. f4 exf4 13. Rxf4 Be6 14. e5 O-O
15. exf6 Nd5 16. Re4 Rxf6 17. Rf1 Rxf1+ 18. Bxf1 Qd7 19. Qe2 Nc6 20. g3 Bf7 21.
Nf3 Nf6 22. Nce5 Qe8 23. Nxf7 Nxe4 24. dxe4 Qxf7 25. Ng5 Qxa2 26. b3 h6 27.
Qc4+ Kh8 28. Nf7+ Kh7 29. e5 Nb4 30. e6 Qa1 31. Qxc5 Qe1 32. Qf5+ g6 33. Qf4
Qe3+ 34. Qxe3 dxe3 35. Nd6 Nc6 36. Bb5 Rf8 37. Nxb7 a6 38. Bxa6 Rf2 39. Nc5 Ne5
40. Bb7 Rf5 0-1

[Event "14PCR_PF05"]
[Site "?"]
[Date "2003.??.??"]
[Round "?"]
[White "Goc, Pavel"]
[Black "Bednarik, Radovan"]
[Result "0-1"]
[WhiteElo "2215"]
[BlackElo "2190"]
[PlyCount "60"]
[EventDate "2003.??.??"]
[EventType "corr"]
[EventRounds "2"]
[SourceDate "2004.??.??"]

1. e4 e5 2. Nf3 d6 3. d4 exd4 4. c3 dxc3 5. Bc4 cxb2 6. Bxb2 Nd7 7. Qc2 Nb6 8.
Bd3 Ne7 9. Nc3 Bg4 10. Nd4 c5 11. Nf5 Nxf5 12. exf5 c4 13. Be4 d5 14. O-O Be7
15. Nxd5 Nxd5 16. Rfd1 Bxd1 17. Rxd1 c3 18. Rxd5 cxb2 19. Qa4+ Kf8 20. Rxd8+
Rxd8 21. g4 g5 22. Kg2 Kg7 23. Qxa7 Bf6 24. h4 h6 25. hxg5 hxg5 26. Qxb7 Rb8
27. Qc6 Rhe8 28. Bb1 Re1 29. Bd3 Rd8 30. Bc2 Rd2 0-1

[Event "14PCR_PF05"]
[Site "?"]
[Date "2003.??.??"]
[Round "?"]
[White "Bednarik, Radovan"]
[Black "Bernard, Roman"]
[Result "1/2-1/2"]
[WhiteElo "2190"]
[BlackElo "1800"]
[PlyCount "77"]
[EventDate "2003.??.??"]
[EventType "corr"]
[EventRounds "2"]
[SourceDate "2004.??.??"]

1. d4 d5 2. c4 dxc4 3. Nf3 b5 4. a4 c6 5. e3 e6 6. axb5 cxb5 7. b3 Bb4+ 8. Bd2
Bxd2+ 9. Nbxd2 a5 10. bxc4 b4 11. c5 Nf6 12. Bb5+ Bd7 13. Bxd7+ Nbxd7 14. Qa4
O-O 15. O-O Nd5 16. Ne4 N7f6 17. Nxf6+ Qxf6 18. Ne5 Nc3 19. Qb3 Qf5 20. Kh1 Ra6
21. Nc4 Rfa8 22. h3 h6 23. Kh2 Ne4 24. f3 Nc3 25. Kh1 Qd3 26. Rfe1 Qg6 27. Rec1
Qg3 28. Nb6 Rd8 29. Rxc3 bxc3 30. Qc4 Ra7 31. Qxc3 Qf2 32. Kh2 h5 33. Qd3 h4
34. Qe4 Qg3+ 35. Kg1 Rb8 36. Qc2 Re8 37. Qd2 a4 38. Ra3 Rb8 39. f4 1/2-1/2

[Event "14PCR_PF05"]
[Site "?"]
[Date "2003.??.??"]
[Round "?"]
[White "Slavik, Miroslav"]
[Black "Goc, Pavel"]
[Result "1-0"]
[WhiteElo "2160"]
[BlackElo "2215"]
[PlyCount "57"]
[EventDate "2003.??.??"]
[EventType "corr"]
[EventRounds "2"]
[SourceDate "2004.??.??"]

1. d4 Nf6 2. c4 e6 3. Nc3 Bb4 4. Qc2 O-O 5. a3 Bxc3+ 6. Qxc3 Ne4 7. Qc2 f5 8.
e3 b6 9. Bd3 Bb7 10. Ne2 d6 11. Nf4 Qe7 12. d5 e5 13. Ne6 Rc8 14. f3 Nf6 15.
Bxf5 Nbd7 16. Ng5 g6 17. Be6+ Kg7 18. e4 c6 19. Qd2 cxd5 20. cxd5 Rc7 21. Bxd7
Rxd7 22. Ne6+ Kh8 23. O-O Re8 24. Qd3 Nh5 25. Bg5 Qf7 26. f4 Nxf4 27. Bxf4 exf4
28. Rxf4 Qe7 29. Raf1 1-0

[Event "14PCR_PF05"]
[Site "?"]
[Date "2003.??.??"]
[Round "?"]
[White "Novak, Borivoj"]
[Black "Klima, Milos"]
[Result "0-1"]
[WhiteElo "2125"]
[BlackElo "2290"]
[PlyCount "44"]
[EventDate "2003.??.??"]
[EventType "corr"]
[EventRounds "2"]
[SourceDate "2004.??.??"]

1. c4 e5 2. Nc3 Bb4 3. a3 Bxc3 4. g3 Bd4 5. e3 Bc5 6. b4 Be7 7. Bb2 d6 8. Bg2
Nf6 9. d3 O-O 10. Ne2 c6 11. O-O Nbd7 12. Qc2 Ng4 13. d4 f5 14. h3 Nh6 15. dxe5
dxe5 16. c5 Qe8 17. Rad1 Kh8 18. Rd2 e4 19. Rfd1 Bf6 20. Nf4 Bxb2 21. Qxb2 Nf6
22. Rd6 Qe7 0-1

[Event "14PCR_PF05"]
[Site "?"]
[Date "2003.??.??"]
[Round "?"]
[White "Houdek, Vladimir"]
[Black "Dbaly, Vaclav"]
[Result "0-1"]
[WhiteElo "2105"]
[BlackElo "2015"]
[PlyCount "56"]
[EventDate "2003.??.??"]
[EventType "corr"]
[EventRounds "2"]
[SourceDate "2004.??.??"]

1. c4 e5 2. Nc3 Nf6 3. Nf3 Nc6 4. g3 Bb4 5. Bg2 O-O 6. O-O e4 7. Ne1 Bxc3 8.
dxc3 h6 9. Nc2 b6 10. Ne3 Bb7 11. Qc2 Ne7 12. b3 Re8 13. Bb2 a5 14. Rad1 d6 15.
a4 Qc8 16. Qd2 Qe6 17. f4 Rad8 18. g4 Nd7 19. b4 Ra8 20. h4 f5 21. g5 hxg5 22.
hxg5 axb4 23. cxb4 Rxa4 24. Kf2 Nf8 25. Kg3 Qf7 26. Qc3 Ra2 27. Bh3 Ne6 28. Rh1
Nxf4 0-1

[Event "14PCR_PF05"]
[Site "?"]
[Date "2003.??.??"]
[Round "?"]
[White "Bernard, Roman"]
[Black "Dbaly, Vaclav"]
[Result "1-0"]
[WhiteElo "1800"]
[BlackElo "2015"]
[PlyCount "69"]
[EventDate "2003.??.??"]
[EventType "corr"]
[EventRounds "2"]
[SourceDate "2004.??.??"]

1. e4 d6 2. d4 Nf6 3. Nc3 g6 4. Nf3 Bg7 5. Be2 O-O 6. O-O Bg4 7. Be3 Nc6 8. d5
Bxf3 9. Bxf3 Ne5 10. Be2 c6 11. f4 Ned7 12. dxc6 bxc6 13. Qd3 Qc7 14. b3 a5 15.
a3 Rab8 16. Rad1 Rb7 17. Bd4 c5 18. Bf2 Rfb8 19. Qf3 Rb6 20. a4 R6b7 21. Bg3
Nh5 22. Be1 Nhf6 23. Nb5 Qb6 24. Bc3 Ne8 25. e5 h6 26. Qg3 Nf8 27. Bc4 Rd7 28.
f5 gxf5 29. Bxf7+ Kxf7 30. Rxf5+ Kg8 31. Rxf8+ Kxf8 32. e6 Nf6 33. Qg6 Kg8 34.
exd7 Rf8 35. Bxf6 1-0

[Event "14PCR_PF05"]
[Site "?"]
[Date "2003.??.??"]
[Round "?"]
[White "Klima, Milos"]
[Black "Houdek, Vladimir"]
[Result "0-1"]
[WhiteElo "2290"]
[BlackElo "2105"]
[PlyCount "66"]
[EventDate "2003.??.??"]
[EventType "corr"]
[EventRounds "2"]
[SourceDate "2004.??.??"]

1. e4 e5 2. Nc3 Nf6 3. g3 Nc6 4. Bg2 Bc5 5. Nge2 O-O 6. O-O a6 7. d3 d6 8. h3
Be6 9. Kh2 Re8 10. f4 Bd7 11. f5 h6 12. g4 Nd4 13. Nxd4 exd4 14. Ne2 d5 15.
exd5 Qe7 16. Nf4 Qd6 17. Kh1 Re5 18. c4 Rae8 19. a3 a5 20. Bd2 a4 21. Qf3 Qb6
22. Rab1 Bd6 23. h4 h5 24. g5 Ng4 25. Ne6 c6 26. g6 fxe6 27. dxe6 Bc8 28. Bh3
Qb3 29. Rbd1 Rf8 30. Bxg4 hxg4 31. Qxg4 Rexf5 32. Rxf5 Rxf5 33. Qe2 Rf2 0-1

[Event "14PCR_PF05"]
[Site "?"]
[Date "2003.??.??"]
[Round "?"]
[White "Goc, Pavel"]
[Black "Novak, Borivoj"]
[Result "1-0"]
[WhiteElo "2215"]
[BlackElo "2125"]
[PlyCount "59"]
[EventDate "2003.??.??"]
[EventType "corr"]
[EventRounds "2"]
[SourceDate "2004.??.??"]

1. e4 c5 2. c3 d5 3. exd5 Qxd5 4. d4 e5 5. dxe5 Qxd1+ 6. Kxd1 Nc6 7. f4 Bf5 8.
Bb5 O-O-O+ 9. Ke2 Kc7 10. Nf3 f6 11. Bxc6 bxc6 12. Rd1 Rxd1 13. Kxd1 Nh6 14. h3
Be7 15. Be3 Rd8+ 16. Nbd2 Bd3 17. Ke1 Nf5 18. Bf2 fxe5 19. Nxe5 Ba6 20. Ndf3
Bd6 21. g4 Ne7 22. Ng5 Bc8 23. Nef7 Re8 24. Nxd6 Kxd6 25. Ke2 h5 26. Rd1+ Nd5+
27. Kf3 Rf8 28. Ne4+ Kc7 29. f5 c4 30. Bxa7 1-0

[Event "14PCR_PF05"]
[Site "?"]
[Date "2003.??.??"]
[Round "?"]
[White "Bednarik, Radovan"]
[Black "Slavik, Miroslav"]
[Result "1-0"]
[WhiteElo "2190"]
[BlackElo "2160"]
[PlyCount "107"]
[EventDate "2003.??.??"]
[EventType "corr"]
[EventRounds "2"]
[SourceDate "2004.??.??"]

1. d4 Nf6 2. f3 e6 3. e4 d5 4. e5 Nfd7 5. f4 c5 6. Nf3 cxd4 7. Nbd2 Qb6 8. Nb3
Bb4+ 9. Bd2 Nc5 10. Bxb4 Nxb3 11. axb3 Qxb4+ 12. Qd2 Qxd2+ 13. Kxd2 Nc6 14. Bb5
Bd7 15. Bxc6 Bxc6 16. Nxd4 Kd7 17. f5 a6 18. Rhf1 Rhf8 19. Rf3 g6 20. g4 exf5
21. gxf5 Rae8 22. Re1 Kc7 23. Rh3 Rh8 24. f6 Bd7 25. Rhe3 a5 26. c4 dxc4 27.
bxc4 Rhf8 28. b3 h5 29. h4 Kb6 30. Kc3 Kc7 31. b4 axb4+ 32. Kxb4 Kb8 33. c5 Kc8
34. Rb1 Kc7 35. Kc4 Be6+ 36. Kc3 Bd5 37. Rb6 Ra8 38. e6 Ra3+ 39. Kd2 Ra2+ 40.
Ke1 Ra1+ 41. Kf2 fxe6 42. Rexe6 Kc8 43. Red6 Bc4 44. c6 Ba6 45. Kg3 Rf1 46. Ne6
Re8 47. c7 Rxe6 48. Rxe6 Kxc7 49. Rb4 Rg1+ 50. Kh2 Rf1 51. Rd4 Kb8 52. Kg3 Rg1+
53. Kf4 Ka7 54. Re7 1-0

[Event "14PCR_PF05"]
[Site "?"]
[Date "2003.??.??"]
[Round "?"]
[White "Slavik, Miroslav"]
[Black "Bernard, Roman"]
[Result "0-1"]
[WhiteElo "2160"]
[BlackElo "1800"]
[PlyCount "82"]
[EventDate "2003.??.??"]
[EventType "corr"]
[EventRounds "2"]
[SourceDate "2004.??.??"]

1. e4 e5 2. Nf3 d6 3. d4 Nf6 4. Nc3 Nbd7 5. Bb5 c6 6. Be2 Be7 7. O-O O-O 8. a4
Re8 9. Re1 Bf8 10. Bf1 exd4 11. Nxd4 Nc5 12. f3 d5 13. exd5 Rxe1 14. Qxe1 Nxd5
15. Nxd5 Qxd5 16. Be3 Qe5 17. Qd2 Ne6 18. Bc4 c5 19. Nxe6 Bxe6 20. Bxe6 Qxe6
21. Re1 Qf6 22. b3 Re8 23. Rd1 Re6 24. Bf4 c4 25. bxc4 b6 26. Bg3 Qb2 27. Qd3
h6 28. Qb3 Qf6 29. Bf2 Qg5 30. Qb5 Rd6 31. Rf1 Qd2 32. c5 Rd5 33. c4 Re5 34. a5
Bxc5 35. Bxc5 Rxc5 36. Qe8+ Kh7 37. Qxf7 b5 38. Qxa7 Qe3+ 39. Kh1 bxc4 40. Qb6
c3 41. Qb3 Qd3 0-1

[Event "14PCR_PF05"]
[Site "?"]
[Date "2003.??.??"]
[Round "?"]
[White "Novak, Borivoj"]
[Black "Bednarik, Radovan"]
[Result "0-1"]
[WhiteElo "2125"]
[BlackElo "2190"]
[PlyCount "66"]
[EventDate "2003.??.??"]
[EventType "corr"]
[EventRounds "2"]
[SourceDate "2004.??.??"]

1. c4 Nf6 2. Nc3 e5 3. Nf3 Nc6 4. d3 Bc5 5. e3 d5 6. cxd5 Nxd5 7. Be2 Be6 8. a3
Be7 9. O-O O-O 10. Nxd5 Qxd5 11. b4 a5 12. e4 Qd6 13. b5 Nd4 14. Nxd4 exd4 15.
a4 c6 16. f4 cxb5 17. axb5 Qb6 18. Qa4 Bb4 19. Ba3 Bxa3 20. Qxa3 Qxb5 21. f5
Bc8 22. Rab1 Qe5 23. Rb6 Qc7 24. Qb2 Rd8 25. g3 a4 26. Rc1 Qe7 27. h4 a3 28.
Qa2 Bxf5 29. exf5 Qe3+ 30. Kg2 Qxc1 31. Rxb7 Rf8 32. Bf3 Rac8 33. Kh3 Rc2 0-1

[Event "14PCR_PF05"]
[Site "?"]
[Date "2003.??.??"]
[Round "?"]
[White "Houdek, Vladimir"]
[Black "Goc, Pavel"]
[Result "1-0"]
[WhiteElo "2105"]
[BlackElo "2215"]
[PlyCount "69"]
[EventDate "2003.??.??"]
[EventType "corr"]
[EventRounds "2"]
[SourceDate "2004.??.??"]

1. c4 Nf6 2. Nc3 d5 3. cxd5 Nxd5 4. g3 e5 5. Bg2 Nb6 6. Nf3 Nc6 7. O-O Be7 8.
a3 O-O 9. b4 Be6 10. Rb1 f6 11. d3 Nd4 12. Be3 c5 13. Ne4 cxb4 14. axb4 Nxf3+
15. Bxf3 Nd5 16. Bd2 Qd7 17. Nc5 Bxc5 18. bxc5 Rfc8 19. Qc1 b6 20. Be3 Rab8 21.
d4 Nxe3 22. fxe3 bxc5 23. Rxb8 Rxb8 24. dxc5 Qc7 25. c6 a5 26. Qc5 a4 27. Bd5
Bxd5 28. Qxd5+ Kf8 29. Rd1 Ra8 30. Qc4 Qb8 31. Qc5+ Kf7 32. c7 Qe8 33. Rd6 Kg6
34. Qd5 a3 35. Rd8 1-0